| 000 | 00591cab a2200205 4500 | ||
|---|---|---|---|
| 001 | WB2606-34 | ||
| 008 | 090401t1990 xxu||||| |||| 00| 0 eng d | ||
| 035 | _a(Sirsi) u70915 | ||
| 041 | _aeng | ||
| 245 | _aJapanese property fears | ||
| 260 | _c1990 | ||
| 350 | _a0 | ||
| 490 |
_aFinancial Times _v7/2/90 p28 |
||
| 520 | _aFears over the state of the Japan ese property market has led to the downgrading of the long-term debt rating s of three Japanese banks . | ||
| 650 | _aFINANCIAL INSTITUTIONS | ||
| 650 | _aLENDING | ||
| 690 | _aOVERSEAS | ||
| 942 | _n0 | ||
| 948 | _c04/03/1997 | ||
| 999 |
_c44677 _d44677 |
||